000 00400 a2200109 4500
001 ART_21415
005 20260410161916.0
008 260409a
245 1 0 _aRégimen para erradicar la violencia laboral en el ámbito público de la ciudad de Buenos Aires
100 1 _aRamos, Santiago J.
773 0 _tRevista de Derecho laboral y seguridad social
_g- Nº 9 (mayo 2013)
_wREV13556
999 _c27286
_d27286